Top Electric Guitar Brands - Statistics

General Stats
  • This quiz has been taken 154 times
  • The average score is 13 of 65
Answer Stats
Answer % Correct
Fender
97%
Gibson
94%
Ibanez
82%
Epiphone
74%
Jackson
64%
Squier
60%
Yamaha
59%
ESP/Edwards/LTD/Grassroots
51%
Gretsch
51%
Schecter
45%
PRS (Paul Reed Smith)
37%
Rickenbacker
36%
Charvel
31%
Music Man
30%
Sterling by Music Man
30%
BC Rich
27%
Dean
27%
Kramer
26%
Washburn
23%
Cort
22%
Danelectro
18%
Harley Benton
18%
G&L
17%
Ernie Ball
15%
Guild
15%
Godin
13%
Kiesel/Carvin
13%
Duesenberg
12%
Tokai
12%
Aria
11%
Hagstrom
11%
Suhr
11%
D'Angelico
10%
Peavey
10%
Steinberger
10%
Chapman
9%
Takamine
9%
Fernandes
8%
Vox
8%
EVH (Eddie Van Halen)
7%
Heritage
7%
Hofner
7%
Lag
7%
Ovation
7%
Caparison
6%
Framus
6%
Mayones
6%
Silvertone
5%
Hamer
4%
Solar Guitars
4%
Sandberg
3%
Tanglewood
3%
Wylde Audio
3%
Legator
2%
Line 6
2%
Samick
2%
Traveler Guitar
2%
Fame
1%
J&D
1%
Maybach
1%
Michael Kelly Guitars
1%
SubZero
1%
Supro
1%
Zemaitis
1%
DBZ/Diamond Guitars
0%
No matching quizzes found
Score Distribution
Percent of People with Each Score
Percentile by Number Answered
Your Score History
You have not taken this quiz